Do or Die, Square Eyes! Quiz Stats

 Plays Quiz Updated Apr 22, 2016

Also try: Sporcle Roulette
Challenge
Share
Tweet
Score 0/16 Timer 01:00
2 Plays Today
% Correct
???
57.3%
???
57.3%
???
57.2%
???
57%
???
56.9%
???
55.7%
???
55.6%
???
55%
% Correct
???
54.5%
???
53.9%
???
53.8%
???
53.8%
???
53.5%
???
51.6%
???
50.8%
???
50.2%

You're not logged in!

Compare scores with friends on all Sporcle quizzes.
OR
Log In

You Might Also Like...

Show Comments

Extras

Top Quizzes Today


Score Distribution

Your Account Isn't Verified!

In order to create a playlist on Sporcle, you need to verify the email address you used during registration. Go to your Sporcle Settings to finish the process.

Report this User

Report this user for behavior that violates our Community Guidelines.

Details: